00845 2200229 4500001002100000005001500021035002000036007000300056008003900059082001600098084002200114100003300136245014900169300001100318650008300329336002100412337002800433338002500461856007400486264003900560990001600599INLIS00000000150474520260427083102 a0010-0426000066ta260427 | | |  aL.310-25180 aL.310-25180 NAU a0 aNAUVAL AKMALUDDINePengarang1 aANALISIS STRATEGI PENJUALAN PEMASARAN SAPI POTONG MELALUI OPTIMALISASI DIGITAL MARKETING FACEBOOK DI P4S INTEGRATED FARMING /cPolbangtan Malang a84 hlm 4aSapi Potong, Digital Marketing, Facebook, Strategi Pemasaran, Kelayakan Usaha. 2rdacontentaText 2rdamediaaBuku Tercetak 2rdacarrieraHardcopy ahttps://repository.polbangtanmalang.ac.id/xmlui/handle/123456789/2131 aMalang :bPolbangtan Malang,c2025 aL.310-25180